000 01132cam a2200229 4500
001 ABS63356
008 000000n2000 000 0 eng u
035 _a(Sirsi) u110261
100 _aParkinson, M
245 _aLink neighbourhood initiatives into the wider economy
260 _c2000
490 _aUrban Environment Today
_v2(110) 30 November 2000, 14(1)
520 _aFocuses on the need to change the approach towards local regeneration by looking beyond the limits of the area itself to the wider problems such as unemployment that underlie the problems of many small areas. The impact of urban regeneration programmes on a neighbourhood will be limited unless they are connected to the needs of the wider city. The article examines the socio-economic factors that need to be understood before any programme is initiated. It finishes by calling for city regeneration programmes to also take account of the suburbs.
590 _aABS
650 _aURBAN REGENERATION
650 _aSUBURBAN AREAS
650 _aSOCIAL EFFECTS
650 _aECONOMY
690 _aREGENERATION
700 _aRobson, B
942 _n0
999 _c65751
_d65751